Géographie commune sur la carte du monde - Statistiques

Statistiques générales
  • Ce quiz a été pris 96 963 fois
  • Le résultat moyen est 148 sur 200
Réponses sur la Carte
Les réponses sont colorées sur une échelle allant du rouge au vert en fonction du pourcentage des utilisateurs qui les ont devinées à leur premier essai. Vous pouvez retrouver ces pourcentages ci-dessous.
 
Statistiques - réponses
Type de quiz Réponse % Correct
Pays France
94%
Pays Italie
94%
Pays Canada
93%
Pays Etats-Unis
93%
Capitale Alger
92%
Pays Brésil
92%
Pays Espagne
92%
Pays Mexique
92%
Pays Russie
92%
Pays Allemagne
91%
Pays Chine
91%
Capitale Madrid
91%
Pays Portugal
91%
Pays Royaume-Uni
90%
Pays Argentine
89%
Pays Australie
89%
Pays Inde
89%
Pays Maroc
89%
Capitale Tunis
89%
Pays Afrique du Sud
88%
Pays Chili
88%
Pays Algérie
88%
Pays Japon
88%
Capitale Lisbonne
88%
Pays Norvège
88%
Capitale Paris
88%
Pays Suède
88%
Pays Irlande
87%
Pays Égypte
86%
Pays Finlande
86%
Langue Français
86%
Capitale Londres
86%
Pays Madagascar
86%
Ville New York City
86%
Capitale Rome
86%
Pays Turquie
86%
Pays Ukraine
86%
Langue Espagnol
85%
Ville Marseille
85%
Capitale Mexico
85%
Subdivision New York
85%
Pays Pologne
85%
Capitale Tokyo
85%
Langue Allemand
84%
Pays Arabie Saoudite
84%
Pays Grèce
84%
Langue Italien
84%
Langue Mandarin
84%
Pays Pérou
84%
Langue Portugais
84%
Pays Suisse
84%
Pays Tunisie
84%
Subdivision Alaska
83%
Pays Colombie
83%
Pays Corée du Sud
83%
Pays Danemark
83%
Subdivision Groenland
83%
Pays Islande
83%
Pays Mongolie
83%
Capitale Moscou
83%
Pays RD du Congo
83%
Désert Sahara
83%
Pays Uruguay
83%
Langue Arabe
82%
Pays Autriche
82%
Capitale Berlin
82%
Pays Corée du Nord
82%
Pays Estonie
82%
Pays Lituanie
82%
Langue Russe
82%
Langue Anglais
81%
Subdivision Angleterre
81%
Pays Belgique
81%
Ville Bordeaux
81%
Pays Indonésie
81%
Pays Lettonie
81%
Ville Los Angeles
81%
Pays République du Congo
81%
Pays Roumanie
81%
Pays Andorre
80%
Pays Biélorussie
80%
Pays Bolivie
80%
Pays Croatie
80%
Pays Paraguay
80%
Pays Pays-Bas
80%
Capitale Dublin
79%
Pays Iran
79%
Pays Nouvelle-Zélande
79%
Ville Rio de Janeiro
79%
Pays Venezuela
79%
Ville Barcelone
78%
Subdivision Californie
78%
Pays Cuba
78%
Pays Hongrie
78%
Pays Irak
78%
Pays Libye
78%
Ville Lyon
78%
Subdivision Texas
78%
Pays Équateur
77%
Capitale | Pays Luxembourg
77%
Pays République tchèque
77%
Ville Toulouse
77%
Pays Albanie
76%
Subdivision Bretagne
76%
Pays Kazakhstan
76%
Mer Mer Méditerranée
76%
Pays Monaco
76%
Ville Nice
76%
Pays Pakistan
76%
Pays Slovaquie
76%
Pays Slovénie
76%
Capitale Bruxelles
75%
Pays Mali
75%
Capitale Oslo
75%
Pays Viêt Nam
75%
Capitale Washington
75%
Pays Yémen
75%
Pays Bulgarie
74%
Subdivision Écosse
74%
Subdivision Floride
74%
Pays Israël
74%
Mer Mer du Nord
74%
Subdivision | Ville Québec
74%
Capitale Séoul
74%
Pays Serbie
74%
Pays Thaïlande
74%
Capitale Athènes
73%
Pays Émirats arabes unis
73%
Ville Nantes
73%
Pays Niger
73%
Fleuve Nil
73%
Ville Strasbourg
73%
Ancien pays Union soviétique
73%
Pays Afghanistan
72%
Pays Népal
72%
Pays Oman
72%
Capitale Pékin
72%
Pays Bosnie-Herzégovine
71%
Pays Kosovo
71%
Pays Macédoine du Nord
71%
Pays Qatar
71%
Pays Suriname
71%
Pays Syrie
71%
Capitale Amsterdam
70%
Pays Monténégro
70%
Pays Nigeria
70%
Subdivision Normandie
70%
Ville Rennes
70%
Pays Vatican
70%
Pays Chypre
68%
Ville Istamboul
68%
Pays Jordanie
68%
Pays Ouzbékistan
68%
Pays Panama
68%
Capitale Helsinki
67%
Pays Liban
67%
Ville Ajaccio
66%
Ville Lille
66%
Pays Mauritanie
66%
Fleuve Seine
66%
Capitale Berne
65%
Capitale Le Caire
65%
Pays Turkménistan
65%
Ville Manchester
63%
Montagne Everest
62%
Fleuve Rhône
61%
Monument Tour de {Pise}
61%
Fleuve | Subdivision Loire
60%
Ville Montréal
59%
Ville Naples
59%
Capitale Ottawa
59%
Monument Tour {Eiffel}
59%
Ville Venise
57%
Monument Château de {Versailles}
55%
Capitale Copenhague
55%
Capitale Andorre-la-Vieille
54%
Capitale Jakarta
54%
Montagne Kilimandjaro
54%
Ville Genève
52%
Subdivision Nord
51%
Pays Palestine
51%
Ville Dijon
50%
Ancien pays Allemagne de l'Est
49%
Langue Latin
49%
Ville Toronto
49%
Pays Jamaïque
48%
Monument Pyramide de Khéops
45%
Montagne Vésuve
45%
Ville Cannes
40%
Monument Statue de la Liberté
37%
Ville Hiroshima
34%
Subdivision Île-de-France
34%
Ville Nagasaki
34%
Monument Grande Muraille
20%
Ville Oxford
19%
Subdivision Ain
18%
Fleuve Tamise
18%
Aucun quiz correspondant
Distribution des résultats
% des personnes avec chaque résultat
Percentile par nombre de réponses
Votre historique - résultats
Vous n’avez pas pris ce quiz